[Event "EU-ch Cities&Town U18 op"]
[Site "Tornelo INT"]
[Date "2023.01.29"]
[Round "?"]
[White "Kilaidakis, Ioannis"]
[Black "Tcaciuc, Smaranda Maria"]
[Result "1-0"]
[WhiteElo "1197"]
[BlackElo "1105"]
[PlyCount "55"]
[EventDate "2023.01.29"]
[EventType "team-swiss"]
[EventRounds "9"]
[EventCountry "NET"]
[SourceTitle "CBM 212 Extra"]
[Source "ChessBase"]
[SourceDate "2023.03.31"]
[SourceVersion "1"]
[SourceVersionDate "2023.03.31"]
[SourceQuality "1"]
[WhiteTeam "Heraklion"]
[BlackTeam "Iasi"]
[WhiteTeamCountry "GRE"]
[BlackTeamCountry "ROU"]

1. e4 c5 2. Nf3 e6 3. d4 cxd4 4. Nxd4 a6 5. Nc3 Qc7 6. Be3 Nf6 7. Be2 Bb4 8. Qd3 0-0 9. f3 Bxc3+ 10. bxc3 e5 11. Nf5 Nc6 12. Bg5 Qd8 13. Ne3 h6 14. Bh4 b5 15. Nd5 g5 16. Bf2 Nxd5 17. exd5 Ne7 18. h4 Ng6 19. hxg5 Qxg5 20. Be3 Nf4 21. Qd2 Nxg2+ 22. Kf2 Nxe3 23. Rag1 d6 24. Qxe3 f5 25. Rxg5+ hxg5 26. Qxg5+ Kf7 27. Rh7+ Ke8 28. Qe7# 1-0

[Event "GRE-chT 49th"]
[Site "Thessaloniki"]
[Date "2022.08.16"]
[Round "6"]
[White "Rousos, Georgios Iasonas"]
[Black "Kilaidakis, Ioannis"]
[Result "1/2-1/2"]
[WhiteElo "1203"]
[BlackElo "1119"]
[PlyCount "68"]
[EventDate "2022.08.12"]
[EventType "team-swiss"]
[EventRounds "7"]
[EventCountry "GRE"]
[SourceTitle "EXT 2024"]
[Source "ChessBase"]
[SourceDate "2023.10.10"]
[SourceVersion "1"]
[SourceVersionDate "2023.10.10"]
[SourceQuality "1"]
[WhiteTeam "Asos Rodou Hippotis"]
[BlackTeam "Gaziou SA"]
[WhiteTeamCountry "GRE"]
[BlackTeamCountry "GRE"]

1. e4 e5 2. Nf3 Nc6 3. Bb5 a6 4. Ba4 Nf6 5. 0-0 Be7 6. d3 b5 7. Bb3 d6 8. c3 Na5 9. Bc2 Bb7 10. Re1 c5 11. d4 cxd4 12. cxd4 exd4 13. Nxd4 0-0 14. Qf3 Nd7 15. Qg3 g6 16. Bh6 Re8 17. f4 Bf6 18. Qf2 Qb6 19. Nb3 Nxb3 20. Qxb6 Nxb6 21. axb3 Bxb2 22. Ra2 Bg7 23. Bg5 f5 24. Nd2 fxe4 25. b4 Bc3 26. Re2 Bxb4 27. Nxe4 Bxe4 28. Bxe4 d5 29. Bd3 Rxe2 30. Rxe2 d4 31. Bf6 Bc3 32. Re4 Kf7 33. Bxd4 Bxd4+ 34. Rxd4 Ke7 1/2-1/2